000 00347 a2200109 4500
001 ART_42397
005 20260410161755.0
008 260409a
245 1 0 _aLas entidades sin fines de lucro frente al impuesto a las ganancias
100 1 _aSequeira, Marcos A.
773 0 _tDoctrina tributaria
_g- NÂș 364 (jul. 2010)
_wREV4296
999 _c20063
_d20063